<?xml version="1.0" encoding="UTF-8"?><?xml-stylesheet type="text/xsl" href="static/style.xsl"?><OAI-PMH xmlns="http://www.openarchives.org/OAI/2.0/" xmlns:xsi="http://www.w3.org/2001/XMLSchema-instance" xsi:schemaLocation="http://www.openarchives.org/OAI/2.0/ http://www.openarchives.org/OAI/2.0/OAI-PMH.xsd"><responseDate>2026-06-01T09:55:15Z</responseDate><request verb="GetRecord" identifier="oai:riuma.uma.es:10630/36462" metadataPrefix="marc">https://riuma.uma.es/rest/oai/request</request><GetRecord><record><header><identifier>oai:riuma.uma.es:10630/36462</identifier><datestamp>2026-02-03T11:06:15Z</datestamp><setSpec>com_10630_2254</setSpec><setSpec>col_10630_37953</setSpec></header><metadata><record xmlns="http://www.loc.gov/MARC21/slim" xmlns:dcterms="http://purl.org/dc/terms/" xmlns:doc="http://www.lyncode.com/xoai" xmlns:xsi="http://www.w3.org/2001/XMLSchema-instance" xsi:schemaLocation="http://www.loc.gov/MARC21/slim http://www.loc.gov/standards/marcxml/schema/MARC21slim.xsd">
   <leader>00925njm 22002777a 4500</leader>
   <datafield ind2=" " ind1=" " tag="042">
      <subfield code="a">dc</subfield>
   </datafield>
   <datafield ind2=" " ind1=" " tag="720">
      <subfield code="a">Salvo-Tierra, Ángel Enrique</subfield>
      <subfield code="e">author</subfield>
   </datafield>
   <datafield ind2=" " ind1=" " tag="720">
      <subfield code="a">Pereña-Ortiz, Jaime Francisco</subfield>
      <subfield code="e">author</subfield>
   </datafield>
   <datafield ind2=" " ind1=" " tag="720">
      <subfield code="a">Meddad-Hamza, Amel</subfield>
      <subfield code="e">author</subfield>
   </datafield>
   <datafield ind2=" " ind1=" " tag="720">
      <subfield code="a">Hamel, Tarek</subfield>
      <subfield code="e">author</subfield>
   </datafield>
   <datafield ind2=" " ind1=" " tag="720">
      <subfield code="a">Hammana, Chayma</subfield>
      <subfield code="e">author</subfield>
   </datafield>
   <datafield ind2=" " ind1=" " tag="260">
      <subfield code="c">2024-02-08</subfield>
   </datafield>
   <datafield ind2=" " ind1=" " tag="520">
      <subfield code="a">This in-depth floristic study, conducted from 2019 to 2023 in nine temporary wetlands in the&#xd;
Guelma and Souk Ahras provinces, northeastern Algeria, aims to highlight the natural heritage of the&#xd;
region by analyzing the floristic composition in relation to environmental conditions. To achieve this&#xd;
goal, comprehensive inventories were conducted, revealing the presence of 317 species belonging to&#xd;
64 botanical families and distributed across 204 genera. The plant diversity at each site was assessed&#xd;
using various biological indices, with a particular focus on the Taxonomic Distinctiveness Index&#xd;
(TDI) to determine the influence of environmental factors such as fires, altitude, overgrazing and&#xd;
agropastoral activities on biodiversity. The results highlighted the dominance of therophytes (43.22%)&#xd;
and the prevalence of the Mediterranean assemblage (66.25%). Moreover, 8.83% of the species were&#xd;
endemic, 1.89% were protected by Algerian legislation and 1.26% were listed on the IUCN Red&#xd;
List. The study identified Priority Conservation Zones (PCA) where the preservation of ponds,&#xd;
particularly MTG, TRC, BTH, and GZE, is crucial. Additionally, floristic and ecological boundaries&#xd;
between ponds were identified, highlighting marked biological similarities between certain pairs&#xd;
and notable isolations, particularly evident in the case of BTH with a significantly high TDI. These&#xd;
results underscore the critical importance of the studied region, emphasizing the need to integrate its&#xd;
floristic biodiversity into conservation efforts to enhance overall ecological integrity.</subfield>
   </datafield>
   <datafield ind1="8" ind2=" " tag="024">
      <subfield code="a">Hammana, C.; Pereña-Ortiz, J.F.; Meddad-Hamza, A.; Hamel, T.; Salvo-Tierra, Á.E. TheWetlands of Northeastern Algeria (Guelma and Souk Ahras): Stakes for the Conservation of Regional Biodiversity. Land 2024, 13, 210. https://doi.org/ 10.3390/land13020210</subfield>
   </datafield>
   <datafield ind1="8" ind2=" " tag="024">
      <subfield code="a">https://hdl.handle.net/10630/36462</subfield>
   </datafield>
   <datafield ind1="8" ind2=" " tag="024">
      <subfield code="a">10.3390/land13020210</subfield>
   </datafield>
   <datafield tag="653" ind2=" " ind1=" ">
      <subfield code="a">Biodiversidad</subfield>
   </datafield>
   <datafield tag="653" ind2=" " ind1=" ">
      <subfield code="a">Zonas húmedas - Argelia</subfield>
   </datafield>
   <datafield ind2="0" ind1="0" tag="245">
      <subfield code="a">The Wetlands of Northeastern Algeria (Guelma and Souk Ahras): Stakes for the Conservation of Regional Biodiversity</subfield>
   </datafield>
</record>
</metadata></record></GetRecord></OAI-PMH>